• 首页
  • 本馆介绍
  • 公告通知
  • 最新文献
  • 馆藏检索
  • 电子资源
  • 读者导购
  • 参考咨询
  • 我的图书馆
  • 登录
  • 详细信息显示
  • 放入我的书架
  • 预约/预借图书
  • 作者相关作品
  • 分类相关作品
  • 丛书相关作品
  • 出版社相关作品

书目信息

  • 表格格式
  • 工作单格式
  • 卡片格式
题名:
中国民营企业发展报告
    
 
作者: 林家彬 , 刘洁 , 项安波 著
分册:  
出版信息: 北京   社会科学文献出版社  2014
页数: 21, 28, 144页
开本: 24cm
丛书名:
单 册:
中图分类: F279.245
科图分类:
主题词: 民营企业--企业发展--研究报告--中国
电子资源:
ISBN: 978-7-5097-6767-2
000 01377nam0 2200277 450
001 339036
005 20150604095431.20
010    @a978-7-5097-6767-2@dCNY59.00
100    @a20150107d2014 em y0chiy50 ea
101 0  @achi@deng
102    @aCN@b110000
105    @ay z 000yy
106    @ar
200 1  @a中国民营企业发展报告@Azhong guo min ying qi ye fa zhan bao gao@d= Report on the development of China private enterprises@f林家彬, 刘洁, 项安波等著@zeng
210    @a北京@c社会科学文献出版社@d2014
215    @a21, 28, 144页@d24cm
300    @a国务院发展研究中心研究成果 澳大利亚力拓有限公司支持与资助
330    @a本书在总结中国民营企业发展现状和问题的基础上, 对既有发展政策环境进行评估, 分析影响支持政策实现既定目标的既得利益障碍;然后总结分析国外支持民营企业发展的政策及其实效, 分析最新的文件 (如《关于全面深化改革若干重大问题的决定》) 提出的改革趋势及其可能的实现路径;最后针对前述问题, 借鉴国外经验, 以新发展形势 (“新常态”) 为背景, 按照改革方向, 提出构建支持民营企业发展政策和配套制度调整的系统方案。
510 1  @aReport on the development of China private enterprises@zeng
606 0  @a民营企业@x企业发展@x研究报告@y中国
690    @aF279.245@v5
701  0 @a林家彬@Alin jia bin@f(1957)@4著
701  0 @a刘洁@Aliu jie@c(女, @f1983)@4著
701  0 @a项安波@Axiang an bo@4著
801  0 @aCN@b卓展宏图@c20150525
905    @dF279.245@e1232@f5
    
    中国民营企业发展报告= Report on the development of China private enterprises/林家彬, 刘洁, 项安波等著.-北京:社会科学文献出版社,2014
    21, 28, 144页;24cm
    国务院发展研究中心研究成果 澳大利亚力拓有限公司支持与资助
    
    ISBN 978-7-5097-6767-2:CNY59.00
    本书在总结中国民营企业发展现状和问题的基础上, 对既有发展政策环境进行评估, 分析影响支持政策实现既定目标的既得利益障碍;然后总结分析国外支持民营企业发展的政策及其实效, 分析最新的文件 (如《关于全面深化改革若干重大问题的决定》) 提出的改革趋势及其可能的实现路径;最后针对前述问题, 借鉴国外经验, 以新发展形势 (“新常态”) 为背景, 按照改革方向, 提出构建支持民营企业发展政策和配套制度调整的系统方案。
●
相关链接 在E读中查询图书 在五车中查询图书 在当当中查询图书 在豆瓣中查询图书


正题名:中国民营企业发展报告     索取号:F279.245/1232         预约/预借

序号 登录号 条形码 馆藏地/架位号 状态 备注
1 859051   208590513   第一样本阅览室/ [索取号:F279.245/1232] 在馆    
2 859052   208590522   密集书库-海洋学院/ [索取号:F279.245/1232] 在馆    
3 859053   208590531   第一借阅区/ [索取号:F279.245/1232] 在馆    
4 859054   208590540   第一借阅区/ [索取号:F279.245/1232] 在馆    
5 859055   208590559   第一借阅区/ [索取号:F279.245/1232] 在馆    
唐山师范学院图书馆 欢迎您!
大连网信软件有限公司© 版权所有